[Event "DEM U12 2017"]
[Site "Willingen GER"]
[Date "2017.06.05"]
[Round "3"]
[White "Bui, Bao Anh Le"]
[Black "Colbow, Collin"]
[Result "1/2-1/2"]
[Termination "normal"]
[Board "2"]
[WhiteElo "1748"]
[BlackElo "1968"]
[WhiteClock "00:14:11"]
[BlackClock "00:19:43"]
[PlyCount "57"]
[WhiteFideId "12970719"]
[BlackFideId "16201132"]
[EventCountry "GER"]
[EventRounds "11"]
[EventType "swiss"]
[EventDate "2017.06.03"]

1. e4 e5 2. Nf3 Nc6 3. Bc4 Bc5 4. O-O Nf6 5. d4 Bxd4 6. Nxd4 Nxd4 7. f4 d6 8.
fxe5 dxe5 9. Bg5 Be6 10. Na3 Qe7 11. c3 Nc6 12. Kh1 Bxc4 13. Bxf6 gxf6 14. Nxc4
Qc5 15. Qe2 O-O-O 16. b4 Qe7 17. a4 Rhg8 18. Ne3 Qe6 19. a5 Ne7 20. b5 Ng6 21.
g3 h5 22. b6 cxb6 23. axb6 Qxb6 24. Rfb1 Qc6 25. Rb4 Kb8 26. Rab1 Rd7 27. Nc4
Qa6 28. Qb2 Rc8 29. Ra1 1/2-1/2

[Event "DEM U12 2017"]
[Site "Willingen GER"]
[Date "2017.06.05"]
[Round "3"]
[White "Morgenstern, Tobias"]
[Black "Musiolik, David"]
[Result "0-1"]
[Termination "normal"]
[Board "3"]
[WhiteElo "1418"]
[BlackElo "1984"]
[WhiteClock "00:10:16"]
[BlackClock "00:19:08"]
[PlyCount "150"]
[WhiteFideId "12974390"]
[BlackFideId "12972355"]
[EventCountry "GER"]
[EventRounds "11"]
[EventType "swiss"]
[EventDate "2017.06.03"]

1. e4 e6 2. d4 d5 3. Nd2 Nf6 4. e5 Nfd7 5. Bd3 c5 6. c3 Nc6 7. Ngf3 Qb6 8. O-O
cxd4 9. cxd4 Nxd4 10. Nxd4 Qxd4 11. Nf3 Qb6 12. Qa4 Qb4 13. Qc2 Nc5 14. Bd2 Qa4
15. b3 Qc6 16. Bxh7 Nd7 17. Rac1 Ba3 18. Rb1 a5 19. Rfe1 Qxc2 20. Bxc2 b6 21.
Nd4 Ba6 22. b4 axb4 23. Bxb4 Bc4 24. Bxa3 Rxa3 25. Bb3 Rh4 26. Nf3 Rf4 27. Bxc4
dxc4 28. Re2 c3 29. Rc2 Re4 30. h3 Nxe5 31. Nxe5 Rxe5 32. Rxb6 Re1+ 33. Kh2 Ra1
34. Rc6 R1xa2 35. R6xc3 Rxc3 36. Rxc3 Rxf2 37. Ra3 Ke7 38. Ra7+ Kf6 39. Ra6 Kg5
40. Ra5+ Rf5 41. Ra4 e5 42. Kg3 Rf4 43. Ra5 Kf5 44. Ra7 Kg6 45. Ra5 f6 46. Rb5
Kf5 47. Rb7 g6 48. Rb6 Kg5 49. Rb5 Ra4 50. Rb3 f5 51. Rc3 Rd4 52. Kf3 e4+ 53.
Ke3 Ra4 54. g3 Rb4 55. Ra3 Rb2 56. g4 Rh2 57. Kd4 Rd2+ 58. Ke5 Rd3 59. Ra1 Rf3
60. Rh1 Kh4 61. gxf5 gxf5 62. Kd4 Rxh3 63. Rg1 Rg3 64. Rf1 Rf3 65. Rg1 e3 66.
Kd3 f4 67. Ke2 Rf2+ 68. Ke1 Ra2 69. Rg8 f3 70. Rh8+ Kg5 71. Rg8+ Kh6 72. Rh8+
Kg7 73. Rd8 Ra1+ 74. Rd1 f2+ 75. Ke2 Rxd1 0-1

[Event "DEM U12 2017"]
[Site "Willingen GER"]
[Date "2017.06.05"]
[Round "3"]
[White "Krastev, Alexander"]
[Black "Kosev, Momchil"]
[Result "1-0"]
[Termination "normal"]
[Board "4"]
[WhiteElo "2180"]
[BlackElo "1757"]
[WhiteClock "00:11:40"]
[BlackClock "00:05:22"]
[PlyCount "81"]
[WhiteFideId "12989983"]
[BlackFideId "12975982"]
[EventCountry "GER"]
[EventRounds "11"]
[EventType "swiss"]
[EventDate "2017.06.03"]

1. e4 c5 2. Nc3 a6 3. Nf3 d6 4. d4 cxd4 5. Nxd4 Nf6 6. g3 g6 7. Bg2 Bg7 8. O-O
O-O 9. h3 Qc7 10. Re1 Nc6 11. Be3 Bd7 12. Nd5 Nxd5 13. exd5 Na5 14. b3 b5 15.
Rc1 b4 16. Qd2 Qc3 17. Ne2 Qxd2 18. Bxd2 Rab8 19. Nf4 Rfe8 20. c3 bxc3 21. Bxc3
Bxc3 22. Rxc3 Nb7 23. b4 Kf8 24. Rc7 Bb5 25. h4 Nd8 26. Bh3 Rb7 27. Rc8 Bd7 28.
Bxd7 Rxd7 29. Ra8 Rb7 30. a3 Rb6 31. Rc1 Nb7 32. Ra7 Rb8 33. Rc7 Ke8 34. Kg2 h6
35. Ne2 Kf8 36. Nd4 Nd8 37. Rxe7 R8b7 38. Rexb7 Nxb7 39. Nc6 Rb5 40. Rxa6 Rxd5
41. Rb6 1-0

[Event "DEM U12 2017"]
[Site "Willingen GER"]
[Date "2017.06.05"]
[Round "3"]
[White "Pubantz, Jan"]
[Black "Gallasch, Jonas"]
[Result "1/2-1/2"]
[Termination "normal"]
[Board "5"]
[WhiteElo "1999"]
[BlackElo "1813"]
[WhiteClock "00:01:18"]
[BlackClock "00:01:15"]
[PlyCount "80"]
[WhiteFideId "12996114"]
[BlackFideId "16222474"]
[EventCountry "GER"]
[EventRounds "11"]
[EventType "swiss"]
[EventDate "2017.06.03"]

1. d4 Nf6 2. c4 g6 3. Nc3 d5 4. Bg5 Ne4 5. Bf4 Nxc3 6. bxc3 Bg7 7. Nf3 O-O 8.
e3 c6 9. Be2 Qa5 10. Qb3 dxc4 11. Bxc4 b5 12. Bd3 Be6 13. Qb4 Qxb4 14. cxb4 a5
15. bxa5 Rxa5 16. a3 c5 17. Kd2 c4 18. Bc2 Nc6 19. Be4 Nd8 20. Bc7 Ra7 21. Bb6
Ra6 22. Bc5 Re8 23. Rab1 f5 24. Bc2 Bd7 25. e4 Ne6 26. exf5 gxf5 27. Bb4 Nxd4
28. Nxd4 Bxd4 29. Rhd1 Kf7 30. Kc1 e5 31. f4 Ra7 32. fxe5 Bxe5 33. Rf1 Kf6 34.
Bc5 Rc7 35. Bg1 h5 36. a4 bxa4 37. Rb6+ Kg7 38. Bxf5 Rf8 39. Rg6+ Kh8 40. Rh6+
Kg7 1/2-1/2

[Event "DEM U12 2017"]
[Site "Willingen GER"]
[Date "2017.06.05"]
[Round "3"]
[White "Stockmann, Till"]
[Black "Arakelian, Aik"]
[Result "0-1"]
[Termination "normal"]
[Board "6"]
[WhiteElo "1724"]
[BlackElo "1737"]
[WhiteClock "00:18:16"]
[BlackClock "00:17:03"]
[PlyCount "138"]
[WhiteFideId "12979341"]
[BlackFideId "16220340"]
[EventCountry "GER"]
[EventRounds "11"]
[EventType "swiss"]
[EventDate "2017.06.03"]

1. e4 c5 2. Nf3 Nc6 3. d4 cxd4 4. Nxd4 Nf6 5. Nc3 d6 6. Bg5 e5 7. Bxf6 gxf6 8.
Nb3 Be7 9. Bc4 O-O 10. Qf3 Kh8 11. O-O-O Be6 12. Bd5 Na5 13. Nxa5 Qxa5 14. Rd3
Rab8 15. Qh5 Rg8 16. Rg3 f5 17. Bxe6 fxe6 18. exf5 e4 19. Qf7 Bg5+ 20. Rxg5
Rxg5 21. Qf6+ Rg7 22. Qxe6 Rf8 23. Qxe4 Qxf5 24. g3 Qxf2 25. Nd5 Qc5 26. Nf4
Qg5 27. Re1 Rf5 28. Qd4 Re5 29. Rd1 Rge7 30. Qxa7 Kg7 31. Qd4 d5 32. Kb1 Kh6
33. Qb6+ Kg7 34. Qd4 Qg4 35. Re1 Kf7 36. Rxe5 Rxe5 37. b3 Re1+ 38. Kb2 Rd1 39.
Qe5 Qg7 40. Qxg7+ Kxg7 41. Kc3 Kf6 42. Nd3 Rh1 43. Nf4 Rxh2 44. Nxd5+ Ke5 45.
Nf4 Ke4 46. a4 Rf2 47. Ne6 Ke5 48. Nc5 Rf7 49. Nd3+ Ke4 50. Kd2 Rg7 51. g4 Kf3
52. a5 Kxg4 53. c4 h5 54. b4 h4 55. b5 Kg3 56. c5 h3 57. a6 bxa6 58. b6 h2 59.
c6 h1=Q 60. b7 Rxb7 61. cxb7 Qxb7 62. Ke2 a5 63. Nc5 Qb5+ 64. Nd3 a4 65. Kd2 a3
66. Ne1 a2 67. Nf3 Kxf3 68. Kc2 a1=Q 69. Kd2 Qe2# 0-1

[Event "DEM U12 2017"]
[Site "Willingen GER"]
[Date "2017.06.05"]
[Round "3"]
[White "Lutz, Ruben"]
[Black "Schauties, Nico Antonio"]
[Result "1-0"]
[Termination "normal"]
[Board "7"]
[WhiteElo "1893"]
[BlackElo "1711"]
[WhiteClock "00:37:07"]
[BlackClock "00:45:42"]
[PlyCount "85"]
[WhiteFideId "12975974"]
[BlackFideId "16206371"]
[EventCountry "GER"]
[EventRounds "11"]
[EventType "swiss"]
[EventDate "2017.06.03"]

1. d4 d5 2. Bf4 Nf6 3. e3 Bf5 4. Nf3 Nbd7 5. c4 e6 6. Nc3 c6 7. cxd5 exd5 8.
Bd3 Ne4 9. Qc2 Ndf6 10. O-O h6 11. Nd2 Nxd2 12. Qxd2 Bxd3 13. Qxd3 Bd6 14. Bxd6
Qxd6 15. h3 O-O 16. Rab1 a5 17. Rfc1 Rfe8 18. Na4 Nd7 19. Nc5 Nxc5 20. Rxc5 b6
21. Rc3 Re6 22. Rbc1 Qd7 23. Qc2 Rc8 24. a3 Rg6 25. b4 Rg5 26. Rxc6 Rxc6 27.
Qxc6 Qxh3 28. Qc8+ Qxc8 29. Rxc8+ Kh7 30. bxa5 bxa5 31. Ra8 Rg6 32. Rxa5 Rb6
33. Rxd5 Ra6 34. e4 Rxa3 35. g3 Kg6 36. Kg2 Kf6 37. f4 g6 38. Rd6+ Kg7 39. e5
Rb3 40. d5 Rd3 41. Rd7 Kf8 42. d6 Kg7 43. e6 1-0

[Event "DEM U12 2017"]
[Site "Willingen GER"]
[Date "2017.06.05"]
[Round "3"]
[White "Rössel, Gino"]
[Black "Hommer, Jeremy"]
[Result "0-1"]
[Termination "normal"]
[Board "8"]
[WhiteElo "1714"]
[BlackElo "1899"]
[WhiteClock "00:05:47"]
[BlackClock "00:29:28"]
[PlyCount "150"]
[WhiteFideId "16203070"]
[BlackFideId "12992577"]
[EventCountry "GER"]
[EventRounds "11"]
[EventType "swiss"]
[EventDate "2017.06.03"]

1. e4 c6 2. d4 d5 3. Nd2 dxe4 4. Nxe4 Nf6 5. Nxf6+ exf6 6. c3 Bd6 7. Bd3 O-O 8.
Qc2 h6 9. Ne2 Re8 10. Be3 Be6 11. O-O Qc7 12. g3 Nd7 13. Bf4 Nf8 14. b3 Rad8
15. Rad1 Kh8 16. Bxd6 Rxd6 17. Rfe1 Red8 18. Nf4 Qd7 19. Nxe6 Nxe6 20. Be2 b5
21. a3 a5 22. b4 Nc7 23. Bf3 Nd5 24. Bxd5 cxd5 25. Re3 Rc8 26. Rde1 Re6 27. f4
Rce8 28. Qd3 a4 29. Kf2 R8e7 30. Rxe6 fxe6 31. Kg2 Kg8 32. Qe3 Kf7 33. Qe2 Qc6
34. Qd3 Rc7 35. Re3 Qc4 36. Qxc4 Rxc4 37. Kf3 Rc8 38. Kg4 Rh8 39. Kf3 g5 40.
Re2 Rg8 41. Re3 gxf4 42. Kxf4 Rg5 43. g4 h5 44. h3 Rg7 45. Re1 hxg4 46. hxg4
Rh7 47. Kg3 Ke7 48. Kg2 Kd6 49. Kg3 e5 50. Rf1 Ke6 51. dxe5 fxe5 52. Rf8 Rh1
53. Rb8 Rc1 54. Rb6+ Kd7 55. Rxb5 Rxc3+ 56. Kf2 Kc6 57. Rc5+ Rxc5 58. bxc5 Kxc5
59. g5 Kd6 60. g6 Ke7 61. g7 Kf7 62. Ke3 Kxg7 63. Kd3 e4+ 64. Kc3 e3 65. Kd3 d4
66. Ke2 Kf6 67. Kd3 Ke5 68. Ke2 Ke4 69. Kd1 d3 70. Ke1 Kf3 71. Kd1 Kf2 72. Kc1
e2 73. Kb2 e1=Q 74. Ka2 d2 75. Kb2 d1=Q 0-1

[Event "DEM U12 2017"]
[Site "Willingen GER"]
[Date "2017.06.05"]
[Round "3"]
[White "Evering, Sören"]
[Black "Mainka, Alwin"]
[Result "1/2-1/2"]
[Termination "normal"]
[Board "9"]
[WhiteElo "1718"]
[BlackElo "1579"]
[WhiteClock "00:07:20"]
[BlackClock "01:07:12"]
[PlyCount "93"]
[WhiteFideId "12974650"]
[BlackFideId "16241177"]
[EventCountry "GER"]
[EventRounds "11"]
[EventType "swiss"]
[EventDate "2017.06.03"]

1. e4 e5 2. Nf3 Nf6 3. d4 Nxe4 4. Bd3 d5 5. Nxe5 Bd6 6. O-O O-O 7. c4 c6 8.
cxd5 cxd5 9. Nc3 Nxc3 10. bxc3 Bxe5 11. dxe5 Qc7 12. Qc2 h6 13. f4 Nd7 14. Kh1
Nc5 15. Ba3 Re8 16. Bxc5 Qxc5 17. Rae1 Qc7 18. Re3 Bd7 19. Rg3 Rac8 20. Bf5 d4
21. Bxd7 Qxd7 22. Qd1 Red8 23. cxd4 Qxd4 24. Qg4 g6 25. e6 Rc6 26. exf7+ Kxf7
27. h3 b5 28. Qh4 Rh8 29. Rgf3 Rf6 30. Qg3 Rd8 31. f5 g5 32. Qc7+ Rd7 33. Qb8
Kg7 34. Qxb5 Rd5 35. Qb3 Rd7 36. R3f2 Rdd6 37. Qg3 Qe4 38. Rf3 Qd4 39. Rb3 Rd7
40. Qe1 Qd5 41. Qb1 Rdf7 42. Rb5 Qc6 43. Rc1 Qd7 44. Rcc5 Rd6 45. Rc1 Rdf6 46.
Qb2 Kh7 47. Rb1 1/2-1/2

[Event "DEM U12 2017"]
[Site "Willingen GER"]
[Date "2017.06.05"]
[Round "3"]
[White "Tham, Nam"]
[Black "Eilenberg, Jonas"]
[Result "1-0"]
[Termination "normal"]
[Board "11"]
[WhiteElo "1762"]
[BlackElo "1650"]
[WhiteClock "01:03:23"]
[BlackClock "00:43:07"]
[PlyCount "137"]
[WhiteFideId "12997331"]
[BlackFideId "16204271"]
[EventCountry "GER"]
[EventRounds "11"]
[EventType "swiss"]
[EventDate "2017.06.03"]

1. e4 e6 2. d4 d5 3. Nc3 Nf6 4. e5 Nfd7 5. f4 c5 6. Nf3 Nc6 7. Be3 Qb6 8. Na4
Qa5+ 9. c3 cxd4 10. b4 Qc7 11. Nxd4 a6 12. Bd3 b5 13. Nb2 Ncxe5 14. fxe5 Qxc3+
15. Qd2 Bxb4 16. Nc6 Qxd2+ 17. Bxd2 Bxd2+ 18. Kxd2 Bb7 19. Na5 Rb8 20. Rhe1 Nb6
21. Rac1 Nc4+ 22. Nbxc4 dxc4 23. Nxb7 Rxb7 24. Be4 Rc7 25. Kc3 Ke7 26. Red1 Rb8
27. a3 f5 28. Bf3 g5 29. g3 g4 30. Bg2 h5 31. Rd6 a5 32. Rb1 Rd7 33. Bc6 Rxd6
34. exd6+ Kxd6 35. Bxb5 e5 36. Rd1+ Ke7 37. Bxc4 f4 38. Rd5 Kf6 39. Rd6+ Kg7
40. Rd7+ Kh8 41. Re7 e4 42. gxf4 h4 43. Rxe4 g3 44. hxg3 hxg3 45. Re3 Rf8 46.
Rxg3 Rxf4 47. Rh3+ Kg7 48. Rh5 a4 49. Ra5 Kf6 50. Rxa4 Ke7 51. Ra6 Kd7 52. a4
Kc7 53. Rh6 Kb8 54. Kb4 Rf5 55. Rc6 Ka7 56. Rc5 Rf6 57. a5 Kb8 58. Kb5 Ka7 59.
Rc7+ Kb8 60. Rf7 Rh6 61. a6 Rh5+ 62. Kb6 Rh6+ 63. Ka5 Rh5+ 64. Bb5 Rh6 65. Rg7
Rf6 66. Kb4 Rh6 67. Kc5 Rf6 68. Bc6 Rf5+ 69. Kb6 1-0

[Event "DEM U12 2017"]
[Site "Willingen GER"]
[Date "2017.06.05"]
[Round "3"]
[White "Bethke, Richard"]
[Black "Wang, Xinyuan"]
[Result "0-1"]
[Termination "normal"]
[Board "12"]
[WhiteElo "2223"]
[BlackElo "1673"]
[WhiteClock "01:08:59"]
[BlackClock "01:11:56"]
[PlyCount "34"]
[WhiteFideId "12959243"]
[BlackFideId "16221494"]
[EventCountry "GER"]
[EventRounds "11"]
[EventType "swiss"]
[EventDate "2017.06.03"]

1. e4 c5 2. Nf3 a6 3. Nc3 e6 4. d4 cxd4 5. Nxd4 Qc7 6. Bd3 Nf6 7. O-O d6 8. Qe2
Nbd7 9. Kh1 Be7 10. f4 O-O 11. Bc4 Nc5 12. e5 dxe5 13. fxe5 Nfd7 14. b4 Nxe5
15. bxc5 Qxc5 16. Nb3 Qxc4 17. Qxe5 Qxf1# 0-1

[Event "DEM U12 2017"]
[Site "Willingen GER"]
[Date "2017.06.05"]
[Round "3"]
[White "Breß, Aaron"]
[Black "Lutz, Adam"]
[Result "1/2-1/2"]
[Termination "normal"]
[Board "13"]
[WhiteElo "1745"]
[BlackElo "1787"]
[PlyCount "64"]
[WhiteFideId "12996432"]
[BlackFideId "16226615"]
[EventCountry "GER"]
[EventRounds "11"]
[EventType "swiss"]
[EventDate "2017.06.03"]

1. e4 c5 2. Nf3 e6 3. d4 cxd4 4. Nxd4 Nf6 5. Nc3 d6 6. Be2 a6 7. O-O Be7 8. Be3
O-O 9. f4 Qc7 10. Qe1 Bd7 11. Qg3 Nc6 12. Rad1 Rac8 13. Kh1 Na5 14. Rfe1 Nc4
15. Bc1 b5 16. a3 Nxa3 17. bxa3 Qxc3 18. Bf3 Rc4 19. Rd3 Qa5 20. f5 e5 21. Nb3
Qc7 22. Bh6 Ne8 23. Bd1 Kh8 24. Bg5 Bxg5 25. Qxg5 Rc3 26. Qe7 Kg8 27. Ree3 Rxd3
28. Rxd3 f6 29. Bh5 Qxc2 30. Nc5 Qxc5 31. Qxd7 Qc2 32. Rd1 Qa4 1/2-1/2

[Event "DEM U12 2017"]
[Site "Willingen GER"]
[Date "2017.06.05"]
[Round "3"]
[White "Lohvinov, Petro"]
[Black "Farokhi, Keyvan"]
[Result "1-0"]
[Termination "normal"]
[Board "14"]
[WhiteElo "1823"]
[BlackElo "1735"]
[PlyCount "134"]
[WhiteFideId "14176661"]
[BlackFideId "12998630"]
[EventCountry "GER"]
[EventRounds "11"]
[EventType "swiss"]
[EventDate "2017.06.03"]

1. e4 c5 2. Nf3 Nc6 3. d4 cxd4 4. Nxd4 g6 5. Nc3 Bg7 6. Be3 Nf6 7. f3 O-O 8.
Qd2 d5 9. exd5 Nb4 10. Bc4 Nbxd5 11. Nxd5 Nxd5 12. Rd1 Nxe3 13. Qxe3 Qc7 14.
Bb3 Bd7 15. O-O e5 16. Ne2 a5 17. Nc3 Bc6 18. Qc5 Rac8 19. Nd5 Bxd5 20. Qxc7
Rxc7 21. Rxd5 b6 22. c3 Rfc8 23. Rfd1 Kf8 24. Rb5 Rb8 25. Rd6 Rcb7 26. Bd5 Ke7
27. Rc6 Bf8 28. Rc8 Rxc8 29. Bxb7 Rd8 30. Rxe5+ Kf6 31. Rd5 Bc5+ 32. Kf1 Rxd5
33. Bxd5 h6 34. Ke2 g5 35. Kd3 Kg6 36. Kc4 Bg1 37. h3 f6 38. g4 f5 39. Be6 fxg4
40. hxg4 h5 41. gxh5+ Kxh5 42. Kb5 Kg6 43. b4 axb4 44. cxb4 Kf6 45. Bg4 Ke7 46.
Kc6 Be3 47. a4 Kd8 48. a5 b5 49. a6 Ke7 50. Kb7 Kd6 51. a7 Bxa7 52. Kxa7 Kd5
53. Kb6 Kc4 54. Kc6 Kxb4 55. Kd6 Kc3 56. Ke5 b4 57. Kf6 Kd4 58. Kxg5 Ke5 59.
f4+ Kd6 60. f5 Ke7 61. f6+ Kf7 62. Bh5+ Kf8 63. Kg6 b3 64. Bd1 b2 65. Bc2 Kg8
66. f7+ Kf8 67. Bb1 Ke7 1-0

[Event "DEM U12 2017"]
[Site "Willingen GER"]
[Date "2017.06.05"]
[Round "3"]
[White "Danninger, Jannik"]
[Black "Simukov, Erik"]
[Result "1-0"]
[Termination "normal"]
[Board "15"]
[WhiteElo "1642"]
[BlackElo "1719"]
[PlyCount "65"]
[WhiteFideId "16226402"]
[BlackFideId "12995380"]
[EventCountry "GER"]
[EventRounds "11"]
[EventType "swiss"]
[EventDate "2017.06.03"]

1. e4 e5 2. Nf3 Nc6 3. d4 exd4 4. Nxd4 Bc5 5. Nb3 Bb6 6. Nc3 d6 7. Qe2 Nge7 8.
Be3 O-O 9. O-O-O Bxe3+ 10. Qxe3 a5 11. a4 Be6 12. Kb1 Qd7 13. f3 Rfb8 14. h4
Nb4 15. h5 h6 16. g4 f6 17. Be2 c6 18. f4 Bxb3 19. cxb3 Qe6 20. Na2 Ned5 21.
Bc4 Nxa2 22. Rxd5 Kh8 23. Rd3 d5 24. exd5 Qxe3 25. Rxe3 Nb4 26. d6 b5 27. Be6
Rd8 28. d7 Ra7 29. Rd1 bxa4 30. Bf5 Raa8 31. Rde1 Rf8 32. Re8 a3 33. Rxa8 1-0

[Event "DEM U12 2017"]
[Site "Willingen GER"]
[Date "2017.06.05"]
[Round "3"]
[White "Joppich, Til"]
[Black "Mailitis, Ricardo"]
[Result "0-1"]
[Termination "normal"]
[Board "16"]
[WhiteElo "1661"]
[BlackElo "1633"]
[PlyCount "92"]
[WhiteFideId "16232917"]
[BlackFideId "12977535"]
[EventCountry "GER"]
[EventRounds "11"]
[EventType "swiss"]
[EventDate "2017.06.03"]

1. e4 e5 2. Nf3 Nc6 3. Bc4 Nf6 4. d3 Bc5 5. c3 a6 6. a4 Ba7 7. O-O d6 8. Na3
O-O 9. Bg5 Be6 10. Qe2 Qe7 11. Rad1 Rfe8 12. Bxe6 Qxe6 13. Nc2 h6 14. Be3 Qb3
15. Bxa7 Nxa7 16. Ne3 Qxa4 17. Nf5 Qd7 18. N3h4 Nc6 19. f4 Kh8 20. Rf3 exf4 21.
Rh3 Ne5 22. Rf1 Ng6 23. Qe1 d5 24. Nxg6+ fxg6 25. Nh4 g5 26. Nf5 dxe4 27. Nd4
e3 28. Qe2 Rad8 29. Rd1 Ng4 30. Rf3 Nf2 31. Ra1 c5 32. Nb3 Qxd3 33. Qxd3 Nxd3
34. Nc1 Nxc1 35. Rxc1 e2 36. Re1 Rd2 37. b3 Kh7 38. c4 Kg6 39. g3 Kf5 40. Kf2
Ke4 41. g4 Kd4 42. Kg1 Re3 43. Kf2 Rxf3+ 44. Kxf3 Kc3 45. Ra1 Kxb3 46. Rb1+ Rb2
0-1

[Event "DEM U12 2017"]
[Site "Willingen GER"]
[Date "2017.06.05"]
[Round "3"]
[White "Reindl, Jork"]
[Black "Zeuner, Ole"]
[Result "0-1"]
[Termination "normal"]
[Board "17"]
[WhiteElo "1461"]
[BlackElo "1764"]
[PlyCount "106"]
[WhiteFideId "16200152"]
[BlackFideId "12943576"]
[EventCountry "GER"]
[EventRounds "11"]
[EventType "swiss"]
[EventDate "2017.06.03"]

1. e4 c5 2. Nf3 Nc6 3. d4 cxd4 4. Nxd4 g6 5. Nxc6 bxc6 6. Qd4 Nf6 7. e5 Nd5 8.
e6 Nf6 9. exf7+ Kxf7 10. Nc3 Bg7 11. Qd1 Re8 12. Bd3 e5 13. O-O d5 14. f3 Kg8
15. Kh1 a6 16. Bg5 Qc7 17. Bxf6 Bxf6 18. Re1 Be6 19. Bf1 Red8 20. Qc1 c5 21.
Ne2 c4 22. c3 Qb6 23. Ng3 Rab8 24. Rb1 Qa5 25. a3 Rd6 26. Re2 Qd8 27. Re1 Rdb6
28. Re2 Bg5 29. Qe1 Bf4 30. Kg1 R8b7 31. Qf2 Rb3 32. Nh1 Qg5 33. g3 Rxb2 34.
Rbxb2 Rxb2 35. h4 Rxe2 36. Qxe2 Be3+ 37. Kg2 Qh6 38. Nf2 d4 39. cxd4 exd4 40.
Qa2 d3 41. Bxd3 Bxf2 42. Kxf2 Qc1 43. Be2 Kf7 44. a4 c3 45. Bc4 Qb2+ 46. Qxb2
cxb2 47. Bd3 Bf5 48. Bc4+ Ke7 49. Ba2 Kd6 50. g4 b1=Q 51. Bxb1 Bxb1 52. Ke3 Kc5
53. Kf4 Kb4 0-1

[Event "DEM U12 2017"]
[Site "Willingen GER"]
[Date "2017.06.05"]
[Round "3"]
[White "Röhr, Oliver"]
[Black "Rashba, David"]
[Result "1-0"]
[Termination "normal"]
[Board "18"]
[WhiteElo "1706"]
[BlackElo "1508"]
[PlyCount "119"]
[WhiteFideId "12987697"]
[BlackFideId "16205499"]
[EventCountry "GER"]
[EventRounds "11"]
[EventType "swiss"]
[EventDate "2017.06.03"]

1. d4 d5 2. c4 c6 3. cxd5 cxd5 4. Nf3 Nc6 5. e3 a6 6. Bd3 Nf6 7. O-O Bg4 8. h3
Bh5 9. Nbd2 e6 10. a3 Be7 11. b4 O-O 12. Bb2 Re8 13. Qc2 Bg6 14. Bxg6 hxg6 15.
Rac1 Rc8 16. Qd3 Rc7 17. Rc2 Qb8 18. Rfc1 Rec8 19. Nb3 Ne4 20. Nfd2 Nxd2 21.
Qxd2 Kf8 22. Nc5 Bxc5 23. Rxc5 Ne7 24. Qc3 Nc6 25. e4 Rd8 26. exd5 Rxd5 27.
Rxd5 exd5 28. Qc5+ Kg8 29. Qxd5 Rc8 30. Qf3 Rd8 31. Rd1 Qd6 32. Qc3 Qd5 33. Qc5
Qxc5 34. bxc5 Rd5 35. Kf1 Kf8 36. Ke2 Ke7 37. f4 f6 38. g4 Kf7 39. Kd3 Ke8 40.
Kc4 Rd7 41. d5 Nd8 42. d6 Nc6 43. Re1+ Kf7 44. Bc3 Kf8 45. Kd5 Kf7 46. a4 Rd8
47. Rb1 Rd7 48. a5 Ke8 49. Re1+ Kf7 50. g5 f5 51. h4 Nd8 52. Bxg7 Nc6 53. Bc3
Nd8 54. Re2 Kf8 55. h5 gxh5 56. g6 Nc6 57. g7+ Kf7 58. Re8 Kg6 59. g8=Q+ Kh6
60. Re6# 1-0

[Event "DEM U12 2017"]
[Site "Willingen GER"]
[Date "2017.06.05"]
[Round "3"]
[White "Laux, Dominik"]
[Black "Stillbauer, Jan"]
[Result "1-0"]
[Termination "normal"]
[Board "19"]
[WhiteElo "1759"]
[BlackElo "1658"]
[PlyCount "135"]
[WhiteFideId "12994219"]
[BlackFideId "16239393"]
[EventCountry "GER"]
[EventRounds "11"]
[EventType "swiss"]
[EventDate "2017.06.03"]

1. d4 d5 2. Bf4 c5 3. e3 Nc6 4. Nc3 a6 5. Nf3 Nf6 6. dxc5 Bg4 7. Be2 Bxf3 8.
Bxf3 e5 9. Bg5 d4 10. exd4 exd4 11. Bxc6+ bxc6 12. Qe2+ Be7 13. Bxf6 gxf6 14.
Ne4 O-O 15. O-O f5 16. Ng3 Qd7 17. Qh5 Kh8 18. Nxf5 Qd5 19. Qg4 Bf6 20. Ng3 Rg8
21. Qf3 Qxf3 22. gxf3 Be7 23. b4 a5 24. a3 Bf6 25. Rab1 axb4 26. axb4 Ra2 27.
Rfc1 Bg5 28. Rd1 Bf6 29. Rd2 d3 30. Rxd3 Rxc2 31. Rd6 Be5 32. Rd7 f6 33. Kf1 h5
34. Rf7 h4 35. Ne2 Bxh2 36. f4 Rg6 37. Ra1 f5 38. Rxf5 Kg7 39. Rh5 Rg4 40. f3
Rg6 41. Rxh4 Bg3 42. Ra7+ Kf6 43. Nxg3 Rxg3 44. Rh6+ Rg6 45. Rxg6+ Kxg6 46. Ra6
Kf5 47. Rxc6 Kxf4 48. b5 Kxf3 49. Rf6+ Ke4 50. c6 Kd5 51. Rf2 Rc4 52. Rb2 Rf4+
53. Ke2 Rf7 54. Rd2+ Kc5 55. Rd7 Rf6 56. c7 Rf8 57. Rd8 Rxd8 58. cxd8=Q Kxb5
59. Qc7 Kb4 60. Qc6 Kb3 61. Qc5 Kb2 62. Kd3 Kb3 63. Qc3+ Ka4 64. Qb2 Ka5 65.
Kc4 Ka6 66. Kc5 Ka7 67. Kc6 Ka8 68. Qb7# 1-0

[Event "DEM U12 2017"]
[Site "Willingen GER"]
[Date "2017.06.05"]
[Round "3"]
[White "Schubert, Nikita"]
[Black "Marschall, Tillmann"]
[Result "1-0"]
[Termination "normal"]
[Board "20"]
[WhiteElo "1788"]
[BlackElo "1613"]
[PlyCount "67"]
[WhiteFideId "16212339"]
[BlackFideId "12973220"]
[EventCountry "GER"]
[EventRounds "11"]
[EventType "swiss"]
[EventDate "2017.06.03"]

1. e4 e6 2. d4 d5 3. exd5 exd5 4. Bd3 Bd6 5. c3 c6 6. Ne2 Qc7 7. h3 Nd7 8. O-O
Ndf6 9. Qc2 h6 10. Re1 Ne7 11. Nd2 O-O 12. Nf3 Re8 13. Bd2 Bd7 14. Nc1 Qc8 15.
Ne5 Bf5 16. Bf4 Bxd3 17. Ncxd3 g5 18. Bh2 Qf5 19. Re2 Nc8 20. Rae1 Re7 21. f3
Nd7 22. Qd2 Nxe5 23. Bxe5 Bxe5 24. Rxe5 Rxe5 25. Rxe5 Qd7 26. Qe2 Nd6 27. Nc5
Qc7 28. Re7 Qb6 29. Qe5 Rd8 30. Nd7 Rxd7 31. Rxd7 Nc4 32. Qe8+ Kg7 33. Qxf7+
Kh8 34. Qg7# 1-0

[Event "DEM U12 2017"]
[Site "Willingen GER"]
[Date "2017.06.05"]
[Round "3"]
[White "Pixa, Karl"]
[Black "Frank, Marek"]
[Result "0-1"]
[Termination "normal"]
[Board "21"]
[WhiteElo "1496"]
[BlackElo "1639"]
[PlyCount "82"]
[WhiteFideId "16240480"]
[BlackFideId "16239520"]
[EventCountry "GER"]
[EventRounds "11"]
[EventType "swiss"]
[EventDate "2017.06.03"]

1. d4 d5 2. c4 e6 3. Nc3 Nf6 4. Bg5 c6 5. e3 Nbd7 6. Nf3 Be7 7. Rc1 b6 8. cxd5
cxd5 9. Nb5 O-O 10. Bd3 Bb7 11. Bf4 Ne4 12. Bxe4 dxe4 13. Nd2 Nf6 14. O-O Nd5
15. Bg3 Qd7 16. Nc7 Rac8 17. Nxd5 exd5 18. Qb3 Ba6 19. Rfe1 Qb5 20. Qxb5 Bxb5
21. a3 Bd3 22. f3 Bg5 23. f4 Be7 24. f5 Bc2 25. Kf2 Rc6 26. Nb1 Rfc8 27. Nc3
Bb3 28. Ke2 b5 29. Kd2 b4 30. axb4 Bxb4 31. Bf4 a5 32. Ra1 Bxc3+ 33. bxc3 Rxc3
34. Rec1 Rc2+ 35. Rxc2 Rxc2+ 36. Ke1 a4 37. g4 Rg2 38. Rc1 Bc4 39. h3 a3 40.
Kd1 a2 41. Bd6 Rg1+ 0-1